| 000 | 00454nam a22001937a 4500 | ||
|---|---|---|---|
| 003 | MPLRDC | ||
| 005 | 20220104180807.0 | ||
| 008 | 210129b ||||| |||| 00| 0 eng d | ||
| 020 | _a967-60-0670-8 | ||
| 082 | _a524.963 ABU 1997 | ||
| 100 | _aSAZALI MAT ABU | ||
| 245 |
_aBAHASA MALAYSIA _c |
||
| 250 | _a第一版 | ||
| 260 |
_a _bEASTVIEW _c1997 |
||
| 300 | _b平 | ||
| 490 | _aSIRI KEMUDI EASTVIEW | ||
| 650 | _a | ||
| 942 |
_cBK _o524.963 ABU 1997 |
||
| 999 |
_c61105 _d61095 |
||